| 000 | 00396nam a2200157Ia 4500 | ||
|---|---|---|---|
| 999 |
_c1744 _d1744 |
||
| 003 | OSt | ||
| 005 | 20191003101107.0 | ||
| 008 | 190723s9999 xx 000 0 und d | ||
| 020 | _a978-8130918051 | ||
| 040 | _cmaju | ||
| 100 | _aVivek Viswan V. | ||
| 245 | 0 | _aForeign exchange Management and International Finnace | |
| 260 |
_aNew Delhi _bViva Books _c2017 |
||
| 300 | _a288.:p | ||
| 942 |
_cBK _2ddc |
||